00988nam a2200241 i 450000100060000000300090000600500170001500700030003200800410003510000280007624501370010426000320024130000220027349000590029565000510035465100500040570000380045571000180049383000640051185200320057599900170060795201220062471413ES-MaACL20250910211905.0t|040810s1971 sp ||||1| spa d1 aGeiger, Theodor.95621713aLa estratificación social del pueblo alemán / cTheodor Geiger ; traducción de Diorki ; revisada por Enrique Martín López. a[Madrid : bFoessa, c1971] a256 p. ; c18 cm.1 aColección Fundación Foessa. Serie Síntesis ; v5 4aClases sociales-zAlemania-vHistoria.9168855 4aAlemania-xSituación social-yS.XX.92070421 aMartín López, Enrique.9775412 aDiorki.933920 aColección Fundación Foessa. Serie Síntesisv59184027 aES-MaACLjC-45422 bR.78675 c71413d71413 00104070aATENEOMbATENEOMcDEPO2d2008-01-17eSCl0oC-45422p1074769r2023-02-23 00:00:00w2023-02-23yMONOGRAFIA